000 00385nam a2200169Ia 4500
003 0100
008 130303s9999 xx 000 0 und d
040 _cARRUPELIB
050 _aBV806.B4
100 _aBeasley-Murray, George Raymond
245 _aBaptism in the New Testament
260 _aGrand Rapids MI
260 _bEerdmans
260 _C1962
300 _a422p
942 0 0 _01
999 _c43725
_d43725